000 00460 a2200157 4500
003 OSt
005 20240801125903.0
008 231017b |||||||| |||| 00| 0 eng d
040 _coclc
082 _a892.73
_bGIB/A
100 1 _aGibran, Kahlil,
_d1883-1931
_92057
245 _aAJNIHATHUL MUTHAKSIRA/
_cKhalil Gibran
260 _aBairuth:
_bManshurath alam alshabab,
300 _a95p
942 _2ddc
_cBK
_h892.73
_iGIB/A
_k892.73
_mGIB/A
999 _c42720
_d42720